00631nam a2200229 a 4500001001300000003000900013005001700022008004100039020000900080082001600089245003500105260002500140300000800165500003500173505001000208650002400218710001400242902000800256942000700264952011500271999001500386nice12345678IN_TiNIC20260116012315.0050524s1983 dela grp 000 0 eng  ac1000a270.82bISP aExperiments in Christian Unity aDelhi bISPCK c1983 a56p aincludes index and biblioraphy2 aIndex aEcumenicalism-India2 aI S P C K bSRS cBK 001040708StackRoom-aHMIbHMId2007-07-18g10.00l0o270.82 ISPp012443r2007-07-18v10.00w2005-05-24yBK c6487d6487